000 00672nam a2200193 i 4500
001 35056
003 ES-MaACL
005 20250902093016.0
007 t|
008 030211s1976 sp ||||1| spa d
100 1 _aBolea Foradada, Juan Antonio.
_929952
245 1 4 _aLas aguas del Ebro /
_cJuan Antonio Balea Foradada.
260 _aZaragoza :
_bReal Sociedad Económica Aragonesa de Amigos del País,
_c1976.
300 _a21 p. ;
_c24 cm.
650 4 _aRecursos hidráulicos-
_zEbro (España, Cuenca)
_9154096
710 2 _aReal Sociedad Económica Aragonesa de Amigos del País
_96382
852 _aES-MaACL
_j2135-F-2
_bR.106664
999 _c35056
_d35056